Ekonomický rozvoj Izraela je stále neistý

Nepriaznivý vývoj HDP v Izraeli sa od vypuknutia palestínskej intifády v roku 2000 zastavil až v minulom roku. Pozitívne prognózy podporuje nízka miera inflácie, rast produktivity práce, klesajúce jednotkové mzdové náklady a fiškálna disciplína. Politická neistota ostáva naďalej hrozbou pre ekonomik...

Full description

Saved in:
Bibliographic Details
Main Author: Zverková, Soňa
Format: Book Chapter
Language:Slovak
Subjects:
Tags: Add Tag
No Tags, Be the first to tag this record!

MARC

LEADER 00000naa$a2200000$$$4500
001 0026288
005 20231004125357.0
041 0 |a slo 
044 |a SK 
245 1 0 |a Ekonomický rozvoj Izraela je stále neistý  |c Soňa Zverková 
520 |a Nepriaznivý vývoj HDP v Izraeli sa od vypuknutia palestínskej intifády v roku 2000 zastavil až v minulom roku. Pozitívne prognózy podporuje nízka miera inflácie, rast produktivity práce, klesajúce jednotkové mzdové náklady a fiškálna disciplína. Politická neistota ostáva naďalej hrozbou pre ekonomiku krajiny. Privatizácia štátnych spoločností v Izraeli. Pokles hospodárstva palestínskych autonómnych oblastí. 
610 2 0 |a Izrael 
610 2 0 |a Palestína 
610 2 0 |a rast hospodársky 
610 2 0 |a produkt domáci hrubý 
610 2 0 |a aktivita hospodárska 
610 2 0 |a potenciál ekonomický 
610 2 0 |a privatizácia 
610 2 0 |a stabilita politická 
100 1 |a Zverková, Soňa